Statistics for Ghost song with no hints

Click here to take the quiz!

General Stats

  • This quiz has been taken 31 times
  • The average score is 151 of 241

Answer Stats

Answer% Correct
A
100%
The
92%
You
92%
you
92%
A
88%
a
88%
In
88%
in
88%
is
88%
The
88%
the
88%
me
83%
And
79%
of
79%
we
79%
And
75%
and
75%
for
75%
so
75%
your
75%
You're
75%
Are
71%
are
71%
on
71%
this
71%
to
71%
no
67%
All
63%
all
63%
just
63%
time
63%
as
58%
dark
58%
goddamn
58%
here
58%
light
58%
need
58%
stay
58%
with
58%
world
58%
burn
54%
But
54%
fire
54%
frail
54%
funeral
54%
had
54%
night
54%
pyre
54%
will
54%
begun
50%
explore
50%
Failing
50%
forever
50%
forevermore
50%
how
50%
turning
50%
urban
50%
'Cause
46%
change
46%
(Deus
46%
Deus
46%
Deus)
46%
Deus
46%
Deus
46%
Deus
46%
Deus
46%
Deus
46%
ever
46%
know
46%
never
46%
now
46%
one
46%
about
42%
Absentia
42%
'Cause
42%
down
42%
eternally
42%
revel
42%
told
42%
face
38%
good
38%
his
38%
imaginations
38%
looking
38%
Oh
38%
running
38%
tied
38%
Bareback
33%
disgrace
33%
doing
33%
fine
33%
grace
33%
lord
33%
Standing
33%
worshiping
33%

Score Distribution

Percentile by Number Answered

Percent of People with Each Score

Your Score History

You have not taken this quiz